[Event "37th Zalakaros Festival 2018"]
[Site "Zalakaros"]
[Date "2018.05.31"]
[Round "7"]
[White "Saber, Yasser"]
[Black "Boguszlavszkij, Jevgenyij"]
[Result "1-0"]
[WhiteElo "2266"]
[BlackElo "2173"]
[Annotator "TA"]
[PlyCount "83"]
[EventDate "2018.??.??"]
[EventType "swiss"]
[EventCountry "HUN"]
[SourceTitle "playchess.com"]
[Source "ChessBase"]
[SourceQuality "1"]

{[%evp 20,83,75,64,97,50,69,59,59,56,62,60,65,71,63,50,64,54,102,45,52,36,55,0,0,0,0,0,0,0,0,0,0,-2,0,-28,114,115,300,155,140,139,392,226,1056,897,795,654,689,678,678,661,642,561,931,725,987,967,1083,1049,29983,29984,29980,29981,29977,29974]} 1. d4 Nf6 2. c4 e6 3. Nc3 d5 4. Bg5 c6 5. e3 Nbd7 6. cxd5 exd5 7. Qc2 Be7 8. Bd3 O-O 9. Nge2 Re8 10. O-O Ne4 11. Bf4 {LiveBook: 8 Partien} Nxc3 {D36: Damengambit (Abtauschvariante)} 12. bxc3 Nf8 13. c4 dxc4 {Weiß steht etwas besser.} 14. Bxc4 Bd6 $146 ({Vorgänger:} 14... Ng6 15. Bg3 Bd6 16. Rab1 Re7 17. Rfd1 Bxg3 18. Nxg3 Rc7 19. Qe2 {1-0 (29) Kristiansen,J (2405)-Kristiansen,E (2183) Aalborg 2014}) 15. Qb3 Ne6 16. a4 Rb8 17. Bg3 Bxg3 18. Nxg3 Qf6 19. Ne4 (19. f4 $16) 19... Qe7 $14 20. Rae1 Kh8 21. f4 ({Günstiger ist} 21. Ng3 $14) 21... f6 $1 $11 22. f5 Nc7 23. Nc5 Qd6 24. Nd3 b6 25. Rf3 Bd7 26. Kh1 Re7 27. g4 (27. a5 $5) 27... Nd5 (27... b5 $11 28. Nc5 Rb6) 28. e4 $16 Nc7 $2 (28... Be8 $16 {kämpft weiter.}) 29. Nf4 $40 {[%mdl 128] Schwarz ist in Schwierigkeiten.} (29. e5 $1 $18 {[%cal Re5d6]} fxe5 30. dxe5) 29... Be8 {[#]} 30. Qe3 $1 c5 $2 {[%mdl 8192]} (30... Qb4 $16 {war nötig.} 31. Rc1 Qd6) 31. Rh3 (31. Ng6+ $142 Bxg6 32. dxc5 Qxc5 33. Qxc5 bxc5 34. fxg6) 31... Bf7 $2 ({Und nicht} 31... Qxd4 {[#]} 32. Rxh7+ $1 {[%mdl 512]} Kxh7 33. Qh3+ Bh5 34. Qxh5#) (31... g5 32. fxg6 Qxd4) 32. Ng6+ Kg8 33. Rxh7 {[%csl Gg6][%cal Rh7h8]} Bxc4 34. Rh8+ Kf7 {Droht stark ...Txh8.} 35. Rxb8 {[%cal Rg6h8]} Re8 36. Rxe8 Nxe8 37. dxc5 bxc5 38. e5 {[%cal Be4e5,Be5e6][%mdl 32]} Qd5+ 39. Kg1 {Weiss droht e6+ und Matt.} Qd4 40. e6+ {Weiß setzt Matt.} Kg8 41. Qxd4 cxd4 42. Re4 {Precision: Weiß = 51%, Schwarz = 40%.} 1-0

[Event "37th Zalakaros Festival 2018"]
[Site "Zalakaros"]
[Date "2018.05.31"]
[Round "7"]
[White "Karacsonyi, Gellert"]
[Black "Chernyshov, Konstantin"]
[Result "0-1"]
[WhiteElo "2208"]
[BlackElo "2478"]
[Annotator "TA"]
[PlyCount "66"]
[EventDate "2018.??.??"]
[EventType "swiss"]
[EventCountry "HUN"]
[SourceTitle "playchess.com"]
[Source "ChessBase"]
[SourceQuality "1"]

{[%evp 20,66,16,0,70,10,7,0,0,11,2,9,27,19,28,-21,-20,-17,-14,-16,-17,-35,-33,-28,-35,-68,-65,-60,-61,-62,-74,-193,-108,-171,-163,-166,-171,-166,-163,-169,-178,-197,-195,-209,-203,-195,-193,-213,-210]} 1. e4 c5 2. Nf3 Nc6 3. d4 cxd4 4. Nxd4 Nf6 5. Nc3 d6 6. Bg5 e6 7. Qd2 a6 8. O-O-O h6 9. Nxc6 bxc6 10. Bf4 d5 11. Be2 {LiveBook: 7 Games. B66: Sicilian: Richter-Rauzer: 7...a6 8 0-0-0 h6} Ra7 $146 (11... Bb4 $11) ({Predecessor:} 11... Bb4 12. Qe3 Qa5 13. Be5 Bxc3 14. Bxc3 Qxa2 15. Bd3 dxe4 16. Bxf6 gxf6 17. Bxe4 Qa1+ 18. Kd2 Qa5+ {1-0 (38) Rodshtein,M (2698)-Dorfman,J (2560) Chartres 2017}) 12. Rhe1 (12. Qe3 $14 Rd7 13. Be5) 12... Rd7 {[#] Strongly threatening ...d4.} 13. exd5 {The position is equal.} cxd5 {With the idea ...d4.} 14. Be5 Bd6 15. f4 O-O 16. g4 Ne8 17. h4 Bxe5 18. fxe5 Qxh4 19. Rh1 Qg3 20. Qd4 f6 $1 {[%cal Rf6e5]} 21. exf6 Rxf6 22. Kb1 Nd6 23. Rdg1 Qf4 $1 {[%cal Rf4d4]} 24. Qc5 Bb7 25. Bd3 {[#]} (25. Rf1 $17 Qg5 26. Rxf6 Qxf6 27. Rf1) 25... Nf7 (25... d4 $1 $19 {[%cal Rd4c3]} 26. Ne2 Ne4 27. Nxf4 Nxc5) 26. Ne2 (26. Rf1 $17 Qd6 27. Na4) 26... Qd6 $19 {Black is clearly better.} 27. Qxd6 Rxd6 ({Don't play} 27... Nxd6 28. g5 $17) 28. Nd4 Ng5 29. Re1 Rf4 30. Nb3 Nf3 31. Ref1 e5 32. Be2 d4 33. Rh3 {[%cal Re2f3]} Rdf6 {Precision: White = 33%, Black = 76%.} 0-1

[Event "37th Zalakaros Festival 2018"]
[Site "Zalakaros"]
[Date "2018.05.31"]
[Round "7"]
[White "Kareva, Natalia"]
[Black "Csonka, Attila Istvan"]
[Result "0-1"]
[WhiteElo "2206"]
[BlackElo "2372"]
[Annotator "NA RC"]
[PlyCount "78"]
[EventDate "2018.??.??"]
[EventType "swiss"]
[EventCountry "HUN"]
[SourceTitle "playchess.com"]
[Source "ChessBase"]
[SourceQuality "1"]
[TimeControl "40/5400+30:1800+30"]

1. Nf3 {[%emt 0:00:11]} Nf6 {[%emt 0:00:40]} 2. d4 {[%emt 0:00:47]} e6 {[%emt 0:00:07]} 3. c4 {[%emt 0:00:13]} b6 {[%emt 0:00:08]} 4. a3 {[%emt 0:01:33]} Ba6 {[%emt 0:00:21]} 5. e3 {[%emt 0:02:30]} Be7 {[%emt 0:01:42]} 6. Bd3 {[%emt 0:00:38]} c5 {[%emt 0:00:46] E12: Queen's Indian: Unusual White 4th moves, 4 a3, 4 Nc3 Bb7 5 a3 and 4 Nc3 Bb7} (6... d5 7. cxd5 Bxd3 8. Qxd3 exd5 9. O-O O-O 10. Nbd2 Nbd7 11. b3 Bd6 12. Bb2 Qe7 13. Rfc1 Rfe8 14. Rc2 {0-1 (40) Miton,K (2648)-Ivanchuk,V (2762) Montreal 2007}) 7. d5 {[%emt 0:07:21]} exd5 {[%emt 0:09:23]} 8. cxd5 {[%emt 0:00:06]} Bxd3 {[%emt 0:00:07]} 9. Qxd3 {[%emt 0:00:06]} d6 {[%emt 0:00:05]} 10. O-O {[%emt 0:03:02]} O-O {[%emt 0:03:02]} 11. e4 {[%emt 0:02:46]} Nbd7 {[%emt 0:02:03]} 12. h3 $146 {[%emt 0:00:58]} ({Predecessor:} 12. Nc3 Re8 13. h3 Bf8 {1-0 (41) Jovanic,O (2541)-Kizov,A (2397) Porto San Giorgio 2009}) 12... Re8 {[%emt 0:01:51]} 13. Bf4 {[%emt 0:03:28]} Nf8 {[%emt 0:05:32]} 14. Nc3 {[%emt 0:02:41]} Ng6 {[%emt 0:05:13]} 15. Bh2 {[%emt 0:00:44]} Nd7 {[%emt 0:05:09]} 16. Rad1 {[%emt 0:05:18]} a6 {[%emt 0:03:36]} 17. a4 {[%emt 0:02:06]} Qb8 {[%emt 0:01:00]} 18. Nd2 {[%emt 0:07:56]} Bf6 {[%emt 0:02:30]} 19. f4 {[%emt 0:00:15]} Ra7 {[%emt 0:04:37]} 20. Nf3 {[%emt 0:01:41]} b5 {[%emt 0:02:02]} 21. axb5 $11 {[%emt 0:16:46]} Bxc3 {[%emt 0:02:26]} 22. bxc3 {[%emt 0:00:26]} axb5 {[%emt 0:00:31]} 23. Rfe1 {[%emt 0:01:11]} Ra3 {[%emt 0:05:16]} 24. Qd2 {[%emt 0:04:33]} Nb6 {[%emt 0:10:56]} 25. e5 {[%emt 0:09:42]} Nc4 {[%emt 0:00:37]} 26. Qc1 {[%emt 0:00:38]} f5 {[%emt 0:08:06]} 27. Nd2 {[%emt 0:03:05]} Ra4 {[%emt 0:01:30]} 28. Nxc4 {[%emt 0:04:27]} Rxc4 {[%emt 0:00:08]} 29. exd6 {[%emt 0:00:06]} Rxe1+ {[%emt 0:00:35]} 30. Rxe1 {[%emt 0:00:04]} Qxd6 {[%emt 0:00:09]} 31. Qb1 {[%emt 0:01:10]} Qxd5 {[%emt 0:01:47]} 32. Rd1 {[%emt 0:08:42]} Qe4 {[%emt 0:00:45]} 33. Qxb5 {[%emt 0:00:06]} Rxc3 {[%emt 0:01:37]} 34. Qb8+ {[%emt 0:03:46]} Kf7 {[%emt 0:01:07]} 35. Qc7+ {[%emt 0:00:42]} Ne7 {[%emt 0:00:17]} 36. Qe5 {[%emt 0:00:18]} Re3 {[%emt 0:03:53]} 37. Qxe4 {[%emt 0:01:38]} Rxe4 {[%emt 0:00:07]} 38. Kf2 {[%emt 0:00:05]} Ke6 {[%emt 0:00:39]} 39. Rd8 {[%emt 0:00:42]} c4 {[%emt 0:00:22]} 0-1

[Event "37th Zalakaros Festival 2018"]
[Site "Zalakaros"]
[Date "2018.05.31"]
[Round "7"]
[White "Ugroczky, Peter"]
[Black "Zentai, Peter"]
[Result "1-0"]
[WhiteElo "2197"]
[BlackElo "2327"]
[Annotator "TA"]
[PlyCount "89"]
[EventDate "2018.??.??"]
[EventType "swiss"]
[EventCountry "HUN"]
[SourceTitle "playchess.com"]
[Source "ChessBase"]
[SourceQuality "1"]

{[%evp 9,89,3,17,14,14,4,10,0,-11,-31,-30,-39,-33,-31,-33,-40,-17,-104,-31,-66,0,-90,-40,-58,-49,-59,-43,-54,-55,-59,-8,-21,0,0,0,-1,43,0,0,0,0,0,0,0,0,0,0,0,70,81,48,46,47,52,106,76,68,70,85,27,23,5,8,5,84,28,16,14,16,20,67,41,50,45,51,58,58,54,152,171,520,508]} 1. e4 e6 2. d4 d5 3. Nd2 h6 (3... c5 4. exd5 Qxd5 5. Ngf3 cxd4 6. Bc4 Qd8 7. Nb3 Qc7 8. Qxd4 Nc6 9. Qh4 Bd6 10. Bd2 Bd7 11. O-O-O Nge7 12. Kb1 O-O-O 13. Bc3 f6 14. Nfd2 Ne5 {½-½ (43) Adams,M (2701)-Predojevic,B (2630) Baden-Baden 2018}) 4. Bd3 c5 5. exd5 Qxd5 6. Ngf3 {C03: Französische Verteidigung (Tarrasch-Variante)} cxd4 7. Bc4 Qd6 8. Qe2 $146 {Die Stellung ist ausgeglichen.} ({Vorgänger:} 8. O-O Nf6 9. Nb3 Nc6 10. Re1 Bd7 11. Nbxd4 Nxd4 12. Nxd4 {1-0 (34) Alarcon Careaga,G (2133)-Hasenohr,B (2278) Al Ain 2013}) 8... Nf6 9. Nb3 Nc6 10. Bb5 a6 11. Bxc6+ $1 Qxc6 12. Nbxd4 Qe4 13. Be3 (13. Qxe4 $11 {bleibt in der Remisbreite.} Nxe4 14. O-O) 13... Nd5 (13... e5 $17 14. Nb3 Be6) 14. O-O-O Nxe3 ({Lieber} 14... Be7 $15) 15. fxe3 (15. Rd3 $1 $11) 15... Be7 (15... e5 {keeps more tension.} 16. Nd2 Qg6 17. N4f3 e4 18. Nh4 Qe6) 16. Nd2 Qe5 17. h4 Qa5 18. Kb1 e5 19. N4b3 Qb6 (19... Qb5 $15 20. Qxb5+ axb5) 20. Nc4 $11 Qe6 (20... Qb5 {is more complex.} 21. e4 Be6 22. Nd6+ Bxd6 23. Qxb5+ axb5 24. Rxd6 Ra6) 21. e4 $1 O-O 22. Ne3 Bd7 23. g4 Rad8 24. Nf5 Bb5 25. Qf3 Rxd1+ 26. Rxd1 Rd8 27. Rh1 Bf8 28. g5 Qg6 (28... g6 $11 29. Nxh6+ Bxh6 30. gxh6 b6) 29. gxh6 $14 gxh6 30. Qf2 Kh7 31. Rg1 Qh5 (31... Qf6 $14) 32. Ng3 Qg6 ({Vergiftet wäre} 32... Rd1+ $2 33. Nc1 $18) 33. Ne2 Qh5 34. Qg3 (34. Nc3 $16 {Droht stark Df6.} Bc6 35. a3 (35. Qf6 Rd6 $11)) 34... Qg6 $11 35. Qxe5 Bg7 36. Qc7 Qf6 {[#]} (36... Rd7 $11 {hält das Gleichgewicht.} 37. Qh2 (37. Rxg6 Rxc7 38. Rg2 Rd7 $11) 37... Qxe4) 37. Nc3 (37. e5 $1 $16 {[%cal Re5f6]} Qxe5 {[#]} 38. Rxg7+ $1 {[%mdl 512]} Qxg7 39. Qxd8 Bxe2 40. Qd5) 37... Rd7 $1 {[%cal Rd7c7]} 38. Qg3 $36 {[%mdl 2048] Weiss drückt.} Bc6 39. a3 Re7 40. Nd2 {[%cal Bb3d2,Bd2f3,Bf3g5][%mdl 32]} b5 41. Rf1 Qg6 42. Qh3 Re5 43. Nf3 Rc5 (43... Re8 $14) 44. Rg1 $16 Qf6 $2 {[#]} (44... Qd6 {leistet mehr Widerstand.} 45. e5 Qf8 46. Qf5+ Kh8) 45. Ng5+ $1 {[%mdl 512] Precision: Weiß = 49%, Schwarz = 51%.} 1-0

[Event "37th Zalakaros Festival 2018"]
[Site "Zalakaros"]
[Date "2018.05.31"]
[Round "7"]
[White "Pribelszky, Bence"]
[Black "Borsos, Bogdan"]
[Result "1/2-1/2"]
[WhiteElo "2187"]
[BlackElo "2277"]
[Annotator "TA"]
[PlyCount "73"]
[EventDate "2018.??.??"]
[EventType "swiss"]
[EventCountry "HUN"]
[SourceTitle "playchess.com"]
[Source "ChessBase"]
[SourceQuality "1"]

{[%evp 12,73,16,13,41,16,18,0,8,14,6,2,18,17,64,-6,18,14,12,14,19,18,16,17,23,20,25,21,12,0,7,0,7,-9,0,0,0,0,14,0,0,-27,-25,-62,-53,-72,-64,-54,-21,-40,0,0,0,0,0,0,0,0,0,0,0,0,0,0]} 1. e4 e5 2. Nf3 Nc6 3. Bc4 Nf6 4. d3 Bc5 5. c3 d6 6. O-O O-O 7. Re1 h6 {C54: Giuoco Piano: 4 c3 Nf6, main lines with 5 d4 and 5 d3} (7... a6 8. a4 h6 9. Nbd2 Re8 10. Nf1 Ba7 11. Ng3 Be6 12. Bxe6 Rxe6 13. b4 d5 14. Qc2 Qd7 15. h3 {0-1 (42) Aronian,L (2764)-Anand,V (2760) Stavanger 2018}) 8. Nbd2 a5 9. a4 Be6 10. Bxe6 fxe6 11. Nc4 $146 ({Predecessor:} 11. Nf1 Ng4 12. Re2 Bb6 13. Ng3 Qe8 {1-0 (45) Kobalia,M (2599)-Diermair,A (2507) Batumi 2018}) 11... Ng4 12. Be3 Nxe3 13. Nxe3 (13. fxe3 $14 Ba7 14. Qb3) 13... Bxe3 14. Rxe3 Qd7 15. Qb3 Ra6 16. Rd1 Rb6 17. Qc2 Kh8 18. b3 Qf7 19. d4 exd4 20. cxd4 Nb4 21. Qd2 Rc6 22. Rc3 Qg6 23. Re1 Rxc3 24. Qxc3 c6 25. Nd2 Qf6 26. f3 (26. Nf3 {keeps more tension.} Qg6) 26... d5 27. Rf1 b6 28. f4 c5 29. e5 Qe7 30. g3 cxd4 31. Qxd4 {The position is equal.} Qc5 32. Nf3 Rc8 33. Qxc5 bxc5 34. Rc1 Kg8 35. Nd4 Na2 36. Rc2 Nb4 37. Rc1 {Precision: White = 51%, Black = 52%.} 1/2-1/2

[Event "37th Zalakaros Festival 2018"]
[Site "Zalakaros"]
[Date "2018.05.31"]
[Round "7"]
[White "Bozinovic, Bogdan"]
[Black "Doric, Nenad"]
[Result "1/2-1/2"]
[WhiteElo "2176"]
[BlackElo "2250"]
[Annotator "TA"]
[PlyCount "32"]
[EventDate "2018.??.??"]
[EventType "swiss"]
[EventCountry "HUN"]
[SourceTitle "playchess.com"]
[Source "ChessBase"]
[SourceQuality "1"]

{[%evp 15,17,25,29,-31]} 1. b3 b6 2. Bb2 Bb7 3. c4 c5 4. Nf3 Nf6 5. e3 e6 6. Be2 Be7 7. Nc3 Nc6 8. O-O O-O {LiveBook: 28 Games} 9. d3 {A30: Symmetrical English: Double Fianchetto and Hedgehog} ({White should play} 9. d4 $11 cxd4 10. Nxd4) (9. d4 cxd4 10. Nxd4 Qc7 11. Rc1 Rac8 12. Nf3 Qb8 13. Bd3 Rfd8 14. Ne4 Ng4 15. h3 Nge5 16. Nxe5 Nxe5 17. Bb1 Ng6 18. Qd4 e5 19. Qd3 d5 20. cxd5 Bxd5 21. Qe2 {½-½ (21) Matlakov,M (2701)-Lysyj,I (2643) Moscow 2017}) {Predecessor:} 9... d5 $146 10. Qd2 Qd7 11. Rad1 Rfd8 12. Qc2 Rac8 13. Qb1 Ba8 14. Rfe1 d4 15. exd4 Nxd4 16. Nxd4 cxd4 {1-0 (47) Kovanova,B (2368)-Getman,T (2014) Sochi 2017} 1/2-1/2

[Event "37th Zalakaros Festival 2018"]
[Site "Zalakaros"]
[Date "2018.05.31"]
[Round "7"]
[White "Gombocz, Ferenc Jr"]
[Black "Vegh, Endre"]
[Result "1-0"]
[WhiteElo "2077"]
[BlackElo "2264"]
[Annotator "TA"]
[PlyCount "145"]
[EventDate "2018.??.??"]
[EventType "swiss"]
[EventCountry "HUN"]
[SourceTitle "playchess.com"]
[Source "ChessBase"]
[SourceQuality "1"]

{[%evp 14,145,24,35,92,79,68,41,49,30,20,37,50,45,83,0,0,-7,14,-32,-24,-116,-173,-262,-1,-2,-4,-3,0,-99,-97,-115,-106,-134,-141,-334,-345,-412,-384,-846,-270,-266,-163,-499,-498,-1111,-400,-391,-132,-138,-22,-106,0,-127,-51,-69,0,0,35,0,0,0,0,0,0,0,0,-250,-243,-232,-230,-232,-206,-402,-387,-543,0,-256,-75,-115,0,-143,0,0,0,0,0,0,0,0,0,0,0,0,0,0,135,130,112,56,216,107,179,135,113,101,202,196,676,834,452,299,12832,12834,12836,12836,12837,12837,12837,12838,12841,12838,12840,12839,12843,12839,12843,12840,12839,12839,12842,12842,12849,12849]} 1. c4 b6 2. Nc3 Bb7 3. e4 e6 4. Nge2 Nf6 5. d3 {[%cal Bd2d3,Bd3d4][%mdl 32]} (5. e5 Ng4 6. d4 Qh4 7. Ng3 Be7 8. h3 Nh6 9. Nge4 Bxe4 10. g3 Bc2 11. Qd2 Qh5 12. Qxc2 {1-0 (47) Shyam,S (2523)-Anton Guijarro,D (2641) Moscow 2016}) 5... d5 6. cxd5 {A10: English Opening: Unusual Replies for Black} exd5 7. e5 Nfd7 8. d4 {LiveBook: 12 Games. White has an edge.} Bb4 (8... c5 $14) 9. a3 $16 Bxc3+ 10. Nxc3 $146 ({Predecessor:} 10. bxc3 O-O 11. Ng3 f6 12. f4 fxe5 13. fxe5 {1-0 (40) Lozano,N (1991)-Silva,J (1970) Cartagena 2012}) 10... O-O 11. f4 c5 $1 12. Nb5 cxd4 13. Nd6 Nc5 14. Nxb7 (14. b4 $16 Ne4 15. Nxb7) 14... Nxb7 $11 15. b4 a5 16. Bd2 f6 17. Qg4 (17. exf6 $1 $11 {keeps the balance.} Rxf6 18. Bd3) 17... fxe5 $17 18. fxe5 Re8 $2 (18... Qe7 $1 $19 19. Qxd4 Nc6 20. Qxd5+ Kh8) 19. Be2 $11 d3 20. Bxd3 Rxe5+ 21. Kd1 (21. Kf2 $11) 21... Nd7 $1 $17 ({Much weaker is} 21... Qd7 $6 22. Qh4 $11) 22. Rc1 axb4 23. axb4 {Hoping for Bh6.} Nd6 24. Bf4 $2 (24. Qd4 $17 {was worth a try.}) 24... Ne4 $19 25. Rf1 Ndf6 26. Qh4 $2 (26. Qh3 Re7 27. Ba6) 26... Rh5 $2 (26... g5 27. Qh6 gxf4 28. Qxf4 Qe8) 27. Qe1 Ra3 28. Be2 $2 (28. Qe2 {is a better chance.}) 28... Rf5 29. g4 {[#]} (29. Rf3 $142 Rxf3 30. gxf3 Rxf4 31. fxe4 Nxe4 32. Kc2) 29... Rxf4 (29... Qe8 $142 $1 {[%mdl 512]} 30. b5 Nxg4 $1 {[%mdl 512]}) 30. Rxf4 Qd6 $2 (30... Qa8 $19 31. Bb5 Qb8) 31. Rf3 Ra2 (31... Ra8 $1 $17 32. h3 Qe5) 32. g5 (32. Rc8+ $11 Kf7 33. Qh4) 32... Nxg5 $40 {[%mdl 128] White needs to defend precisely.} ({Black should play} 32... Qd7 $1 $17 {[%cal Rd7a4]} 33. Rfc3 Nxc3+ 34. Qxc3 Ne4 35. Qc8+ Qxc8 36. Rxc8+ Kf7) 33. Rfc3 (33. Rc8+ $11 Kf7 34. Qg3 Qxg3 35. Rxg3) 33... h6 (33... Nge4 $17 34. Rc8+ Kf7 35. R8c7+ Kg6) 34. R3c2 $15 Ra7 (34... Rxc2 $15 35. Rxc2 Nge4) 35. Qg3 $1 $11 {[%cal Rg3d6]} Qe7 36. Qb8+ Kh7 $1 {...Nfe4 is the strong threat.} 37. Bd3+ Nge4 38. Qxb6 Ra3 39. Qd4 Qd7 40. Bxe4+ $2 (40. Re2 $11 {and White is okay.}) 40... Nxe4 $19 41. Rg2 {intending Rcc2.} Qf7 {[%mdl 1024] Black has strong compensation.} 42. Ke1 Rf3 {( -> ...Rf1+)} 43. Ke2 $2 (43. Rg1 {is the only way for White.}) 43... Rf4 44. Ke3 {[#]} (44. Qd3 {is a better defense.} Qh5+ 45. Ke1) 44... Rf3+ (44... Rg4 $142 $1 {[%mdl 512]} 45. Rgc2 (45. Rxg4 Qf2+) 45... Nf2) 45. Ke2 Rf6 $2 (45... g5 $19 {has better winning chances.} 46. Qb6 Nc3+ 47. Rxc3 Rxc3) 46. Rcg1 $17 Qh5+ (46... g6 $1 $17 47. b5 Rf4) 47. Ke1 (47. Kd3 $11 g5 48. Kc2) 47... Qh4+ ({Black should try} 47... Ng5 $1 $17 {[%cal Rg5f3]} 48. Qxd5 Qh4+ 49. Kd1 Qxb4 50. Qd3+ g6) 48. Kd1 $1 $11 g5 $1 {And now ...Nf2+ would win.} ({Wrong is} 48... Nf2+ $2 49. Qxf2 $1 {[%mdl 512]} Qh5+ 50. Kc1 $18) 49. Kc2 Rc6+ 50. Kb2 {Black must now prevent Rf1.} Qf4 {Threatens to win with ...Rc4.} 51. Rc2 Rxc2+ 52. Kxc2 Qxh2+ {[%mdl 4096] Endgame KQR-KQN} 53. Kb3 Nd2+ 54. Ka4 Nf3 (54... Qe2 $11 {remains equal.} 55. Qa7+ Kg6) 55. Qd3+ $16 Kg7 56. Rc1 Qf4 $2 {[#]} ({Better is} 56... Qa2+ $14 57. Kb5 g4) 57. Rc6 (57. Rc5 $1 $18 {and White stays clearly on top.} Nd4 58. Rxd5) 57... Ne5 58. Rc7+ Nf7 59. Rd7 g4 (59... h5 $16 60. Qxd5 (60. Rxd5 h4 $16) 60... h4) 60. Rxd5 $18 g3 $2 (60... Ne5 61. Qc3 Kf6) 61. Rf5 Qc7 62. Rf3 Qa7+ $2 (62... g2 63. Rg3+ Ng5) 63. Kb3 {White is clearly winning.} g2 64. Rg3+ Ng5 65. Rxg2 Qf7+ 66. Kb2 Qb7 67. Qd4+ Kg6 68. Rf2 Qc6 69. Rc2 Qa6 70. Qc3 Qf1 71. Qc6+ Kg7 72. b5 Qf4 73. Qc7+ {Precision: White = 48%, Black = 34%.} 1-0

[Event "37th Zalakaros Festival 2018"]
[Site "Zalakaros"]
[Date "2018.06.01"]
[Round "8"]
[White "Galyas, Miklos"]
[Black "Chakravarthi Reddy, M."]
[Result "1/2-1/2"]
[WhiteElo "2508"]
[BlackElo "2443"]
[Annotator "TA"]
[PlyCount "84"]
[EventDate "2018.??.??"]
[EventType "swiss"]
[EventCountry "HUN"]
[SourceTitle "playchess.com"]
[Source "ChessBase"]
[SourceQuality "1"]

{[%evp 9,84,-2,-6,-1,14,8,38,35,24,8,63,50,90,91,72,77,100,88,95,113,356,54,295,163,302,145,155,150,160,150,123,129,118,31,16,22,28,28,33,14,27,7,42,52,80,77,69,83,96,96,89,95,285,294,260,18,79,0,0,0,15,0,66,27,50,50,67,61,126,95,224,37,39,0,0,0,0]} 1. c4 e5 2. g3 c6 3. d4 e4 4. Nc3 d5 5. Bg2 (5. f3 exf3 6. Nxf3 Nf6 7. Bg5 dxc4 8. e4 Bg4 9. e5 h6 10. Bxf6 gxf6 11. Bxc4 {½-½ (73) Ponkratov,P (2613)-Navara,D (2740) Katowice 2017}) 5... Bb4 {LiveBook: 12 Games} 6. Bd2 {A20: English Opening: 1...e5} Ba5 $146 ({Predecessor:} 6... Bxc3 7. bxc3 Nf6 8. f3 O-O 9. cxd5 cxd5 10. fxe4 dxe4 11. Nh3 Re8 12. Bg5 Nbd7 13. O-O h6 14. Bxf6 Nxf6 15. c4 b6 {½-½ (15) Stella,A (2433)-Bentivegna,F (2282) Condino 2014}) 7. Nh3 Ne7 8. O-O {White is slightly better.} Bxc3 9. Bxc3 Bxh3 (9... O-O $11) 10. Bxh3 $14 dxc4 11. Qc2 Qd5 12. f3 exf3 13. Rxf3 O-O 14. Raf1 {Black must now prevent Bb4.} c5 $2 (14... Na6 $16) 15. Bf5 $2 (15. e4 $18 Qd6 16. Qf2) 15... cxd4 $2 (15... Nxf5 $14 16. Rxf5 Qd7) 16. Bxh7+ $18 Kh8 17. Be4 (17. Rf4 $18 dxc3 18. Rh4) 17... Qc5 $16 18. Rf5 $1 {[%cal Rf5c5]} Nxf5 19. Rxf5 Qxf5 ({Don't go for} 19... Qb6 $2 20. Rh5+ Qh6 21. Rxh6+ gxh6 22. Qd2 $18) 20. Bxf5 {Threatening mate with Qe4.} dxc3 21. Qxc3 (21. Qe4 $1 $16 {[%cal Re4h4] White threatens Qh4+ and mate.} g6 22. Qxb7) 21... Nc6 $14 22. Qxc4 Kg8 23. Qh4 {[%csl Gf5][%cal Rh4h7]} g6 24. Bd3 $36 {[%mdl 2048] Black is under pressure.} Kg7 25. Qf4 Rfe8 26. h4 Re5 27. b4 $1 {[%cal Rb4b5] b5 is the strong threat.} a6 28. a4 $1 {[%cal Ba2a4,Ba4b5][%mdl 32]} Rae8 29. b5 axb5 30. axb5 Na5 $2 (30... Nb8 $16 {keeps fighting.}) 31. g4 $1 $18 b6 {[#]} 32. Qd4 $2 (32. h5 $1 $18 {[%cal Rh5h6][%mdl 512]} R8e7 (32... gxh5 33. gxh5) 33. g5) 32... R8e6 (32... Nb3 $11 33. Qxb6 Nc1) 33. Be4 ({Better is} 33. h5 $16) 33... Nb3 $1 $11 {[%cal Rb3d4]} 34. Qc3 {Strongly threatening Bd5.} Nc5 (34... Kh7 {feels hotter.} 35. Bf3 Nc5 36. g5 Ne4 37. Qc7 Kg7) 35. Bf3 f6 (35... Kg8 $11) 36. h5 gxh5 37. gxh5 Rg5+ 38. Kf1 Rd6 ({Black should play} 38... Rge5 $14) 39. Qa1 Nd7 (39... Rd7 $16 {is a better defense.}) 40. Qa8 $2 (40. Qa3 $18 Re6 41. Bc6) 40... Ne5 $1 $14 41. Bd5 {Intending Qg8+ and mate.} Rf5+ 42. Kg2 Rg5+ {Precision: White = 48%, Black = 34%.} 1/2-1/2